000 00825nam a2200253 i 4500
003 DO-SdBNP
005 20240115123222.0
007 ta
008 240115b1913 dr ||||| |||| 00| 0 spa d
040 _aDO-SdBNP
_bspa
_cBNPHU
_erda
082 4 _222
110 2 _aInstituto Profesional de Santo Domingo
_bFacultad de derecho Civil
_984773
245 1 0 _aEfectos jurídicos del matrimonio putativo en caso de bigamia :
_btesis para la licenciatura /
_cAna Teresa Paradas
264 _aSanto Domingo :
_bLa Cuna de América,
_c1913.
300 _a43 páginas ;
_c23 cm.
336 _2rdacontent
_atexto
_btxt
337 _2rdamedia
_asin mediación
_bn
338 _2rdacarrier
_avolumen
_bnc
500 _aTesis
504 _aBibliografía : p. 43
590 _aInventariado, 2024/BT
910 _aBtavárez
942 _2ddc
_cLF2
999 _c55657
_d55657